<?xml version="1.0" encoding="UTF-8"?>
<record
    xmlns:xsi="http://www.w3.org/2001/XMLSchema-instance"
    xsi:schemaLocation="http://www.loc.gov/MARC21/slim http://www.loc.gov/standards/marcxml/schema/MARC21slim.xsd"
    xmlns="http://www.loc.gov/MARC21/slim">

  <leader>02428cam a2200277   4500500</leader>
  <controlfield tag="005">20250123100115.0</controlfield>
  <datafield tag="041" ind1=" " ind2=" ">
    <subfield code="a">fre</subfield>
  </datafield>
  <datafield tag="042" ind1=" " ind2=" ">
    <subfield code="a">dc</subfield>
  </datafield>
  <datafield tag="100" ind1="1" ind2="0">
    <subfield code="a">Valant Gandja, Serge</subfield>
    <subfield code="e">author</subfield>
  </datafield>
  <datafield tag="700" ind1="1" ind2="0">
    <subfield code="a"> Ipoumb, Ginette Polienne</subfield>
    <subfield code="e">author</subfield>
  </datafield>
  <datafield tag="245" ind1="0" ind2="0">
    <subfield code="a">Contingences structurelles et pratiques comptables des PME dans une &#xE9;conomie africaine en d&#xE9;veloppement&#xA0;: le cas du Cameroun.</subfield>
  </datafield>
  <datafield tag="260" ind1=" " ind2=" ">
    <subfield code="c">2016.
							</subfield>
  </datafield>
  <datafield tag="500" ind1=" " ind2=" ">
    <subfield code="a">82</subfield>
  </datafield>
  <datafield tag="520" ind1=" " ind2=" ">
    <subfield code="a">L&#x2019;examen du lien entre les facteurs de contingence structurelle et les pratiques comptables des entreprises dans un contexte en d&#xE9;veloppement constitue la principale motivation de cette &#xE9;tude. L'approche positiviste adopt&#xE9;e par auto-administration d'un questionnaire &#xE0; 123 petites et moyennes entreprises (PME) camerounaises s'appuie sur un raisonnement hypoth&#xE9;tico-d&#xE9;ductif. Les traitements statistiques men&#xE9;s via un mod&#xE8;le &#xAB;&#xA0;logit&#xA0;&#xBB; ordonn&#xE9; permettant de comprendre et d'expliquer les pratiques comptables dans ces institutions. Si le secteur industriel semble avoir une influence n&#xE9;gative, la structure de propri&#xE9;t&#xE9;, l&#x2019;endettement et l&#x2019;effet taille jouent un r&#xF4;le crucial dans la mise en place des pratiques comptables dans ce type d&#x2019;organisation. Il en est de m&#xEA;me du comportement d&#x2019;affaires de certains acteurs.</subfield>
  </datafield>
  <datafield tag="520" ind1=" " ind2=" ">
    <subfield code="a">Examining the link between structural contingency factors and accounting practices in a developing context is the aims of this study. A positivist approach adopted by self-administration of a questionnaire to 123 Cameroonian&#x2019;s small and medium enterprise (SMEs) is based on a hypothetical-deductive reasoning. The statistical processing conducted via an ordered &#x201C;logit&#x201D; model used to understand and explain the accounting practices in these institutions. If the industry seems to have a negative influence, ownership structure, debt and size effect play a crucial role in the development of accounting practices in this type of organization, as well as business behavior actors.</subfield>
  </datafield>
  <datafield tag="690" ind1=" " ind2=" ">
    <subfield code="a">contingences structurelles</subfield>
  </datafield>
  <datafield tag="690" ind1=" " ind2=" ">
    <subfield code="a">PME</subfield>
  </datafield>
  <datafield tag="690" ind1=" " ind2=" ">
    <subfield code="a">pratiques comptables</subfield>
  </datafield>
  <datafield tag="690" ind1=" " ind2=" ">
    <subfield code="a">Cameroun</subfield>
  </datafield>
  <datafield tag="690" ind1=" " ind2=" ">
    <subfield code="a">SMEs</subfield>
  </datafield>
  <datafield tag="690" ind1=" " ind2=" ">
    <subfield code="a">structural contingencies</subfield>
  </datafield>
  <datafield tag="690" ind1=" " ind2=" ">
    <subfield code="a">accounting</subfield>
  </datafield>
  <datafield tag="690" ind1=" " ind2=" ">
    <subfield code="a">Cameroun</subfield>
  </datafield>
  <datafield tag="786" ind1="0" ind2=" ">
    <subfield code="n">Management &amp; Sciences Sociales | 20 | 1 | 2016-01-01 | p. 18-38 | 1952-3262</subfield>
  </datafield>
  <datafield tag="856" ind1="4" ind2="1">
    <subfield code="u">https://shs.cairn.info/revue-management-et-sciences-sociales-2016-1-page-18?lang=fr&amp;redirect-ssocas=7080</subfield>
  </datafield>
  <datafield tag="999" ind1=" " ind2=" ">
    <subfield code="c">755677</subfield>
    <subfield code="d">755677</subfield>
  </datafield>
</record>
